Biología celular y molecular.
保存先:
| 第一著者: | |
|---|---|
| その他の著者: | , , , , , |
| フォーマット: | 不明 |
| 言語: | 英語 |
| 出版事項: |
Madrid, España:
Mcgraw-Hill / Interamericana de España, S.L.,
2017.
|
| 版: | 4ª edición. |
| 主題: | |
| タグ: |
タグ追加
タグなし, このレコードへの初めてのタグを付けませんか!
|
MARC
| LEADER | 00000 a2200000 4500 | ||
|---|---|---|---|
| 003 | CL-VaPUC | ||
| 005 | 20231127145918.0 | ||
| 008 | 231120t2017 ||||| |||| 00| 0 eng d | ||
| 999 | |c 442097 |d 442095 | ||
| 020 | |a 9788448612962 | ||
| 040 | |c Pontificia Universidad Católica de Valparaíso | ||
| 082 | 7 | |a 571.6 PAN 2017 |2 22 | |
| 100 | |a Paniagua, Ricardo |9 885183 |e autor | ||
| 245 | |a Biología celular y molecular. | ||
| 250 | |a 4ª edición. | ||
| 260 | |a Madrid, España: |b Mcgraw-Hill / Interamericana de España, S.L., |c 2017. | ||
| 300 | |a xxi, 792 páginas : |b ilustraciones. | ||
| 583 | |k GC |c 20231120 | ||
| 650 | 0 | |a Biología celular |9 341055 | |
| 650 | 0 | |a Citogenética |9 269678 | |
| 650 | 0 | |a Histología |9 264868 | |
| 650 | 0 | |a Biología molecular |9 269677 | |
| 700 | |a Nistal Martín de Serrano, Manuel |9 536944 |e autor | ||
| 700 | |a Sesma Egozcue, Pilar |9 552107 |e autora | ||
| 700 | |a Alvarez-Uría Rico-Valdemoro, Manuel |9 552108 |e autor | ||
| 700 | |a Fraile Láiz, Benito |9 552109 |e autor | ||
| 700 | |a Anadón Alvarez, Ramón |9 552110 |e autor | ||
| 700 | |a Sáez Crespo, Francisco José |9 552111 |e autor | ||
| 942 | |2 ddc |c BK | ||
| 952 | |0 0 |1 0 |2 ddc |4 0 |6 571_600000000000000_PAN_2017 |7 0 |8 A |9 592550 |a BIBCUR |b BIBCUR |c GEN |d 2023-11-16 |e 3 |g 88787.50 |i 5659542 |l 5 |m 2 |o 571.6 PAN 2017 |p 5659542 |r 2025-05-08 |s 2025-05-08 |t 1 |v 88787.50 |w 2023-11-16 |y BK |k BIO | ||
| 952 | |0 0 |1 0 |2 ddc |4 0 |6 571_600000000000000_PAN_2017 |7 0 |8 A |9 592551 |a BIBCUR |b BIBCUR |c GEN |d 2023-11-16 |e 3 |g 88787.50 |i 5659543 |l 5 |o 571.6 PAN 2017 |p 5659543 |r 2025-04-22 |s 2024-06-25 |t 2 |v 88787.50 |w 2023-11-16 |y BK |k BIO | ||